Lea Kleiner

Saved in:
Bibliographic Details
Main Author: Schultz, Margarita (Author)
Format: Book
Language:Spanish
Published: Santiago Universitaria 2004
Edition:1a. ed
Series:Colección Maestros de la Facultad de Artes de la Universidad de Chile
Subjects:
Tags: Add Tag
No Tags, Be the first to tag this record!

MARC

LEADER 00000nam a2200000 a 4500
001 UCG1382
003 CL-VaPUC
008 100429e20040800CL |||||||||||||||||spa|d
020 |a 9561117266 
082 0 4 |a 709.83  |b SCH  |2 21 
100 0 |a Schultz, Margarita  |e author  |9 549325 
245 1 0 |a Lea Kleiner 
250 |a 1a. ed 
300 |a 50 p 
942 |c BK 
945 |d 20100429 00:00:00  |a dcastane 
260 |a Santiago  |b Universitaria  |c 2004 
650 0 |a Arte contemporáneo chileno  |9 464579 
650 0 |a Artistas chilenos  |9 344566 
583 |a last modification  |c 20100429 00:00:00  |k Rodrigo Vera 
490 0 |a Colección Maestros de la Facultad de Artes de la Universidad de Chile 
999 |c 340783  |d 340781 
952 |0 0  |1 0  |4 0  |6 709_830000000000000_SCH_2004  |7 0  |8 R  |9 435793  |a BIBART  |b BIBART  |d 2019-11-22  |i 466535K  |l 1  |o 709.83 SCH 2004  |p 466535K  |r 2025-03-13  |s 2023-08-17  |w 2019-11-22  |y BK_R  |k ART